Etelä-Savon naapurikunnat - Statistics

Yleistilastot
  • Tätä visaa on pelattu 11 kertaa
  • Keskiarvotulos 13 / 19
Vastaustilastot
Kunta % Oikein
Heinävesi
100%
Heinola
88%
Hankasalmi
75%
Joroinen
75%
Joutsa
75%
Liperi
75%
Suonenjoki
75%
Varkaus
75%
Hartola
63%
Kitee
63%
Kouvola
63%
Leppävirta
63%
Parikkala
63%
Rääkkylä
63%
Ruokolahti
63%
Savitaipale
63%
Taipalsaari
63%
Toivakka
63%
Rautalampi
25%
Ehtoja vastaavia visoja ei löytynyt
Tulosjakauma
Jokaisen tuloksen saaneiden osuus
Persentiili vastausten määrän mukaan
Tuloshistoriasi
Et ole pelannut tätä visaa